Male Author Match-Up Quiz Stats

Quiz Updated Nov 6, 2014

Challenge
Share
Tweet
Score 0/25 Timer 06:00
3 Plays Today
% Correct
William Shakespeare
97.8%
J. R. R. Tolkien
96.7%
Dr. Seuss
96.6%
Mark Twain
96.1%
Charles Dickens
95.3%
Sir Arthur Conan Doyle
94.5%
Bram Stoker
93.3%
Ian Fleming
91.5%
Herman Melville
90.2%
A. A. Milne
88.7%
Oscar Wilde
76.2%
Daniel Defoe
76.1%
Washington Irving
67.5%
% Correct
Franz Kafka
62.8%
George Orwell
61.1%
Douglas Adams
60.6%
Joseph Heller
56.2%
Raymond Chandler
51.9%
Hergé
50.3%
Bret Easton Ellis
46.2%
P. G. Wodehouse
44.3%
William Goldman
41.6%
Günter Grass
36.3%
George du Maurier
26.3%
Laurence Sterne
25%

You're not logged in!

Compare scores with friends on all Sporcle quizzes.
Sign Up with Email
OR
Log In

You Might Also Like...

Show Comments

Extras

Top Quizzes Today


Score Distribution

Your Account Isn't Verified!

In order to create a playlist on Sporcle, you need to verify the email address you used during registration. Go to your Sporcle Settings to finish the process.